[Event "19th Reykjavik op"]
[Site "Reykjavik ISL"]
[Date "2000.04.12"]
[Round "8.8"]
[White "Markowski, Tomasz"]
[Black "Christiansen, Larry"]
[Result "1/2-1/2"]
[WhiteElo "2531"]
[BlackElo "2596"]
[EventDate "2000.04.05"]
[PlyCount "74"]

1.g3 e5 2.c4 Nf6 3.Bg2 d5 4.cxd5 Nxd5 5.Nf3 Nc6 6.O-O Nb6 7.Nc3 Be7 8.a4 
a5 9.d3 Be6 10.Be3 Nd5 11.Nxd5 Bxd5 12.Nd2 O-O 13.Bxd5 Qxd5 14.Rc1 Rad8 
15.Qb3 Bb4 16.Qxd5 Rxd5 17.Nb3 f5 18.Rc4 Bd6 19.Bc5 Re8 20.Rfc1 e4 21.dxe4
fxe4 22.Be3 Bb4 23.Nc5 Bxc5 24.Rxc5 Rxc5 25.Rxc5 Kf7 26.g4 Re5 27.Rc4 g5 
28.Kg2 Ke6 29.Kg3 Kd7 30.h4 h6 31.hxg5 hxg5 32.Rc1 Nb8 33.Rd1+ Ke8 34.Rh1 
Kd7 35.Rd1+ Ke8 36.Rh1 Kd7 37.Rd1+ Ke8 1/2-1/2

[Event "19th Reykjavik op"]
[Site "Reykjavik ISL"]
[Date "2000.04.12"]
[Round "8.9"]
[White "Sokolov, Ivan"]
[Black "Sarbok, Torsten"]
[Result "1-0"]
[WhiteElo "2637"]
[BlackElo "2285"]
[EventDate "2000.04.05"]
[PlyCount "97"]

1.d4 Nf6 2.c4 e6 3.Nf3 d5 4.Nc3 c6 5.Bg5 h6 6.Bh4 Nbd7 7.e3 Be7 8.Qc2 O-O 
9.Rd1 a6 10.a3 Re8 11.Be2 dxc4 12.Bxc4 b5 13.Ba2 Qb6 14.Bb1 c5 15.d5 Nf8 
16.d6 Bxd6 17.Bxf6 gxf6 18.Qe4 Bb7 19.Rxd6 Qxd6 20.Qxb7 f5 21.Nh4 Red8 22.
O-O Qd2 23.Qf3 Qxb2 24.e4 b4 25.axb4 cxb4 26.Ne2 Qf6 27.g3 a5 28.exf5 e5 
29.Ng2 Nh7 30.Ne3 Qg7 31.Rc1 Nf6 32.Rc7 a4 33.Rb7 b3 34.Nc3 Rac8 35.Ned5 
Nxd5 36.Nxd5 Rc1+ 37.Kg2 Rxb1 38.f6 Qh7 39.Ne7+ Kh8 40.Rd7 Rf8 41.Qd5 Rg1+
42.Kh3 Rc1 43.Rd8 Rc8 44.Nxc8 Qg8 45.Rxf8 Qxf8 46.Nd6 b2 47.Nxf7+ Kg8 48.
Nxe5+ Kh7 49.Qe4+ 1-0

[Event "19th Reykjavik op"]
[Site "Reykjavik ISL"]
[Date "2000.04.12"]
[Round "8.13"]
[White "Bjarnason, Saevar"]
[Black "Bricard, Emmanuel"]
[Result "0-1"]
[WhiteElo "2305"]
[BlackElo "2461"]
[EventDate "2000.04.05"]
[PlyCount "58"]

1.d4 Nf6 2.c4 e6 3.Nf3 d5 4.Nc3 Nbd7 5.Bg5 Be7 6.e3 O-O 7.Qc2 b6 8.cxd5 
exd5 9.Be2 Bb7 10.O-O c5 11.dxc5 bxc5 12.Rfd1 Qb6 13.Rac1 Rac8 14.b3 Rfd8 
15.Ne1 Qe6 16.Bf3 Ne5 17.Be2 d4 18.Nb5 Ne4 19.Bxe7 Qxe7 20.exd4 cxd4 21.
Qb2 Rxc1 22.Qxc1 Rc8 23.Qb2 Nc3 24.Nxc3 dxc3 25.Qc1 Ng6 26.Bc4 Ne5 27.Qxc3
Nxc4 28.bxc4 Ba6 29.c5 Qe2 0-1

[Event "19th Reykjavik op"]
[Site "Reykjavik ISL"]
[Date "2000.04.12"]
[Round "8.14"]
[White "Salmensuu, Olli"]
[Black "Wiley, Tom"]
[Result "1-0"]
[WhiteElo "2418"]
[BlackElo "2294"]
[EventDate "2000.04.05"]
[PlyCount "61"]

1.e4 e6 2.Nf3 d5 3.e5 c5 4.b4 cxb4 5.a3 Nc6 6.axb4 Bxb4 7.c3 Be7 8.d4 Nh6 
9.Bd3 Nf5 10.g4 Nh4 11.Nxh4 Bxh4 12.O-O g6 13.Na3 Be7 14.Bh6 Bg5 15.Bxg5 
Qxg5 16.Nb5 Kf8 17.f4 Qe7 18.f5 gxf5 19.gxf5 exf5 20.Kh1 Rg8 21.Qf3 Be6 
22.Nd6 Rd8 23.Bxf5 Rd7 24.Bxh7 Rh8 25.Qh5 Rxd6 26.exd6 Qxd6 27.Rae1 Nd8 
28.Qh6+ Ke8 29.Qg7 Rf8 30.Bf5 Ke7 31.h4 1-0

[Event "19th Reykjavik op"]
[Site "Reykjavik ISL"]
[Date "2000.04.12"]
[Round "8.15"]
[White "Kristjansson, Stefan"]
[Black "Arizmendi Martinez, Julen Luis"]
[Result "0-1"]
[WhiteElo "2254"]
[BlackElo "2445"]
[EventDate "2000.04.05"]
[PlyCount "84"]

1.e4 c5 2.Nf3 Nc6 3.d4 cxd4 4.Nxd4 Nf6 5.Nc3 e5 6.Ndb5 d6 7.Bg5 a6 8.Na3 
b5 9.Nd5 Be7 10.Bxf6 Bxf6 11.c3 Ne7 12.Nc2 Nxd5 13.Qxd5 Rb8 14.Qd3 Bb7 15.
Ne3 O-O 16.Rd1 Bg5 17.Nf5 d5 18.h4 Bf6 19.exd5 e4 20.Qe3 Re8 21.g4 Bc8 22.
Nd4 Bxg4 23.Nc6 Qd6 24.Be2 Bxe2 25.Kxe2 Rbc8 26.b3 Rxc6 27.dxc6 Qxc6 28.
Rc1 Qe6 29.Qf4 Rc8 30.Rhd1 h5 31.Qg3 Rc6 32.Rc2 g6 33.Rdc1 Qf5 34.c4 Be5 
35.Qg2 Bf4 36.Rd1 Qe5 37.Kf1 Rf6 38.Kg1 e3 39.Re1 exf2+ 40.Qxf2 Bh2+ 41.
Kf1 Rxf2+ 42.Rxf2 Qc7 0-1

[Event "19th Reykjavik op"]
[Site "Reykjavik ISL"]
[Date "2000.04.12"]
[Round "8.16"]
[White "Steindorsson, Sigurdur Pall"]
[Black "Johannessen, Leif Erlend"]
[Result "0-1"]
[WhiteElo "2056"]
[BlackElo "2431"]
[EventDate "2000.04.05"]
[PlyCount "54"]

1.c4 b6 2.Nc3 Bb7 3.e4 e6 4.Nf3 Bb4 5.Qc2 Ne7 6.Be2 f5 7.e5 Ng6 8.d4 Nc6 
9.O-O Nh4 10.Rd1 Nxf3+ 11.Bxf3 O-O 12.a3 Be7 13.b4 Qe8 14.Qe2 a5 15.Nb5 
Rc8 16.d5 Nxe5 17.Bh5 g6 18.Bb2 d6 19.f4 Nxc4 20.Qxc4 gxh5 21.Nxc7 Qg6 22.
Rac1 Bd8 23.Rd3 Rxc7 24.Qxc7 Bxc7 25.Rxc7 Rf7 26.Rc2 h4 27.bxa5 bxa5 0-1

[Event "19th Reykjavik op"]
[Site "Reykjavik ISL"]
[Date "2000.04.12"]
[Round "8.18"]
[White "Sigfusson, Sigurdur"]
[Black "Naes, Flovin Thor"]
[Result "1-0"]
[WhiteElo "2215"]
[BlackElo "2257"]
[EventDate "2000.04.05"]
[PlyCount "57"]

1.e4 e5 2.Nf3 Nc6 3.Bc4 Bc5 4.b4 Bxb4 5.c3 Be7 6.d4 Na5 7.Be2 d6 8.Qa4+ c6
9.dxe5 dxe5 10.Nxe5 Nf6 11.O-O O-O 12.Rd1 Qc7 13.Bf4 b5 14.Qc2 Qb6 15.Nd2 
Be6 16.c4 a6 17.Rac1 Ba3 18.Rb1 Bc5 19.Nd3 Rac8 20.Nxc5 Qxc5 21.e5 Qd4 22.
Bg3 Nd7 23.Ne4 Qa7 24.Ng5 g6 25.Nxe6 fxe6 26.Qd2 Nxe5 27.Qxa5 Nxc4 28.Bxc4
bxc4 29.Qc3 1-0

[Event "19th Reykjavik op"]
[Site "Reykjavik ISL"]
[Date "2000.04.12"]
[Round "8.19"]
[White "Schulz, Michael"]
[Black "Westerinen, Heikki"]
[Result "1/2-1/2"]
[WhiteElo "2076"]
[BlackElo "2392"]
[EventDate "2000.04.05"]
[PlyCount "49"]

1.e4 e6 2.d4 d5 3.Nc3 Be7 4.exd5 exd5 5.Bd3 Nc6 6.Nge2 Bf6 7.O-O Nge7 8.
Bf4 a6 9.Qd2 Nf5 10.Bxf5 Bxf5 11.Ng3 Be6 12.Nce2 h5 13.Rfe1 h4 14.Nf1 h3 
15.g3 g5 16.Be3 Rg8 17.b4 Qd6 18.c3 Ne7 19.Nc1 O-O-O 20.Qe2 Nf5 21.Nd3 
Rde8 22.a4 Kb8 23.Nc5 Bc8 24.a5 c6 25.Qf3 1/2-1/2

[Event "19th Reykjavik op"]
[Site "Reykjavik ISL"]
[Date "2000.04.12"]
[Round "8.20"]
[White "Jonasson, Benedikt"]
[Black "Edvardsson, Kristjan"]
[Result "1/2-1/2"]
[WhiteElo "2285"]
[BlackElo "2170"]
[EventDate "2000.04.05"]
[PlyCount "60"]

1.e4 c5 2.Nf3 e6 3.d4 cxd4 4.Nxd4 Nf6 5.Nc3 Nc6 6.Ndb5 d6 7.Bf4 e5 8.Bg5 
a6 9.Na3 b5 10.Nd5 Be7 11.Bxf6 Bxf6 12.c3 Be6 13.Nc2 Bxd5 14.Qxd5 Ne7 15.
Qd3 Qb6 16.Be2 O-O 17.O-O Rfd8 18.Bf3 Rac8 19.Rfd1 g6 20.Qe2 Bg5 21.Rd3 
Rf8 22.Rad1 Rcd8 23.Nb4 f5 24.exf5 Rxf5 25.Nd5 Nxd5 26.Bxd5+ Kg7 27.Be4 
Rf4 28.g3 Rf6 29.Kg2 Rdf8 30.f3 Re6 1/2-1/2

[Event "19th Reykjavik op"]
[Site "Reykjavik ISL"]
[Date "2000.04.12"]
[Round "8.21"]
[White "Thorfinnsson, Bragi"]
[Black "Halldorsson, Jon Arni"]
[Result "0-1"]
[WhiteElo "2260"]
[BlackElo "2173"]
[EventDate "2000.04.05"]
[PlyCount "106"]

1.d4 d5 2.Nf3 Nf6 3.g3 c6 4.Bg2 Bg4 5.Nbd2 Nbd7 6.b3 e6 7.Bb2 Be7 8.O-O 
O-O 9.Re1 Re8 10.c4 Qa5 11.a3 Rad8 12.b4 Qb6 13.Qb3 a6 14.Ne5 Nxe5 15.dxe5
Nd7 16.c5 Qc7 17.h3 Bh5 18.e4 f6 19.g4 Bf7 20.exd5 cxd5 21.f4 fxe5 22.fxe5
b6 23.c6 Qxc6 24.Rac1 Qb7 25.Nf3 Rc8 26.Rcd1 Qc7 27.Nd4 Bh4 28.Re2 Nxe5 
29.Nb5 Qc4 30.Qe3 Qxb5 31.Bxe5 Bf6 32.Bxf6 gxf6 33.Rf1 d4 34.Qf3 Qg5 35.
Ref2 Rc1 36.Qb7 Rxf1+ 37.Bxf1 a5 38.b5 Qc5 39.Rxf6 Re7 40.Qa8+ Kg7 41.Rf2 
Qxa3 42.Rf3 Qc5 43.Bd3 Qd5 44.Qxd5 exd5 45.Rf4 Re3 46.Bf1 Re4 47.Rf2 Re1 
48.Rd2 Be8 49.Kf2 Rb1 50.Rxd4 Bxb5 51.Bg2 Rb2+ 52.Kg3 Rb3+ 53.Kf4 Rd3 0-1

[Event "19th Reykjavik op"]
[Site "Reykjavik ISL"]
[Date "2000.04.12"]
[Round "8.22"]
[White "Kleinert, Juergen"]
[Black "Gunnarsson, Arnar"]
[Result "0-1"]
[WhiteElo "2188"]
[BlackElo "2227"]
[EventDate "2000.04.05"]
[PlyCount "92"]

1.e4 e5 2.Nc3 Bc5 3.Bc4 d6 4.d3 Be6 5.Bxe6 fxe6 6.Qh5+ g6 7.Qh3 Qf6 8.Nf3 
h6 9.Be3 Bb6 10.Bxb6 axb6 11.Nb5 Na6 12.d4 exd4 13.Nfxd4 e5 14.Ne2 c6 15.
Na3 b5 16.O-O Nc5 17.Qe3 Qg5 18.f4 exf4 19.Nxf4 Ne7 20.Rae1 Qe5 21.b4 Ne6 
22.Nxe6 Qxe6 23.c4 bxc4 24.Qc3 Rf8 25.Rxf8+ Kxf8 26.Rf1+ Kg8 27.Qxc4 d5 
28.exd5 Nxd5 29.Nc2 Rf8 30.Rxf8+ Kxf8 31.Qc5+ Kf7 32.Qf2+ Ke7 33.h3 Qe5 
34.Qh4+ Kd7 35.Qxh6 Nf4 36.Qh4 Qe4 37.Qf2 Kc7 38.Nd4 Qxd4 39.Qxd4 Ne2+ 40.
Kf2 Nxd4 41.g4 Kd6 42.h4 Ke6 43.Ke3 Nc2+ 44.Kf4 Nxb4 45.h5 gxh5 46.gxh5 
Kf6 0-1

[Event "19th Reykjavik op"]
[Site "Reykjavik ISL"]
[Date "2000.04.12"]
[Round "8.23"]
[White "Lampen, Timo"]
[Black "Kjartansson, Gudmundur"]
[Result "1-0"]
[WhiteElo "2307"]
[BlackElo "2248"]
[EventDate "2000.04.05"]
[PlyCount "125"]

1.e4 c5 2.Nc3 d6 3.f4 Nc6 4.Nf3 Bg4 5.h3 Bxf3 6.Qxf3 Nd4 7.Bb5+ Nxb5 8.
Nxb5 e6 9.b3 Qd7 10.a4 a6 11.Nc3 g6 12.Bb2 Bg7 13.e5 d5 14.a5 Qc7 15.O-O 
Ne7 16.Qf2 Bf8 17.Na4 Nc6 18.Nxc5 Nxa5 19.Rxa5 Qxa5 20.Nxb7 Qb4 21.Nd6+ 
Bxd6 22.exd6 O-O 23.Qh4 f6 24.Bxf6 Qxd6 25.Bd4 Rf7 26.Qf2 a5 27.Bc3 Rb7 
28.Kh2 Qb6 29.Bd4 Qc7 30.Qe3 Ra6 31.Bc3 Qf7 32.Qe5 Kf8 33.Qh8+ Ke7 34.Qc8 
Rba7 35.Bd4 Ra8 36.Bc5+ Kf6 37.Bd4+ Ke7 38.Qc3 Kd7 39.Be5 Rc6 40.Qb2 Qf5 
41.d3 Qf8 42.Ra1 Qb4 43.c3 Qb7 44.Qa3 Qb5 45.c4 dxc4 46.dxc4 Qc5 47.Qb2 
Ke7 48.Rd1 Qa7 49.Qd2 Ke8 50.Qd3 Rcc8 51.Bd6 Kf7 52.Qe4 Qd7 53.c5 a4 54.b4
a3 55.Ra1 a2 56.Be5 Qd5 57.Qe1 Qc4 58.Qh4 Qxb4 59.Qf6+ Ke8 60.Qxe6+ Kf8 
61.Bd6+ Kg7 62.Qe7+ Kg8 63.Be5 1-0

[Event "19th Reykjavik op"]
[Site "Reykjavik ISL"]
[Date "2000.04.12"]
[Round "8.24"]
[White "Thorhallsson, Throestur"]
[Black "Nyysti, Sampsa"]
[Result "1-0"]
[WhiteElo "2489"]
[BlackElo "2224"]
[EventDate "2000.04.05"]
[PlyCount "69"]

1.e4 c5 2.Nc3 a6 3.f4 b5 4.Nf3 Bb7 5.d3 e6 6.Qe2 Nc6 7.Be3 d6 8.g3 g6 9.
Bg2 b4 10.Nd1 Bg7 11.O-O Nge7 12.g4 h5 13.g5 Nd4 14.Nxd4 cxd4 15.Bd2 Qb6 
16.a3 a5 17.f5 Be5 18.fxe6 fxe6 19.axb4 axb4 20.Rxa8+ Bxa8 21.Bh3 Kd7 22.
b3 Rc8 23.Nb2 Rxc2 24.Nc4 Qa6 25.Qf2 Rxc4 26.bxc4 Qa3 27.Qf7 Qxd3 28.Bxe6+
Kc6 29.Qe8+ Kb6 30.Qb5+ Kc7 31.Qd7+ Kb6 32.Qd8+ Kc5 33.Qa5+ Kc6 34.Qxa8+ 
Kb6 35.Qb8+ 1-0

[Event "19th Reykjavik op"]
[Site "Reykjavik ISL"]
[Date "2000.04.12"]
[Round "8.25"]
[White "Marks, H."]
[Black "Bjornsson, Tomas"]
[Result "0-1"]
[WhiteElo "2085"]
[BlackElo "2224"]
[EventDate "2000.04.05"]
[PlyCount "144"]

1.d4 d5 2.Nf3 Nf6 3.g3 g6 4.Bg2 Bg7 5.O-O O-O 6.Nbd2 c5 7.dxc5 Na6 8.Nb3 
e6 9.Ne5 Qe7 10.c6 bxc6 11.Nxc6 Qc7 12.Ncd4 e5 13.Nb5 Qd7 14.c4 Rb8 15.Nc3
dxc4 16.Na5 Qc7 17.Qa4 Bd7 18.Nc6 Bxc6 19.Qxc6 Qxc6 20.Bxc6 Rfc8 21.Ba4 
Nc5 22.Bc2 Nfd7 23.Rb1 f5 24.Rd1 e4 25.Be3 Kf7 26.Rd5 Bxc3 27.bxc3 Rxb1+ 
28.Bxb1 Ke6 29.Rd1 Rb8 30.Kf1 Rb2 31.Rc1 a5 32.Bd4 Kd5 33.Bg7 Ne6 34.Bh8 
Nec5 35.Bg7 Kc6 36.h3 Kb5 37.f3 Kc6 38.g4 Kd5 39.Rd1+ Kc6 40.Ke1 a4 41.Kf2
Ne6 42.Bh6 Ndc5 43.Ke3 a3 44.Rc1 Kb5 45.Rd1 Na4 46.Rc1 Nxc3 47.Rxc3 Rxb1 
48.Rxa3 Rh1 49.gxf5 gxf5 50.Kf2 Rxh3 51.Bd2 Rh2+ 52.Kf1 Nd4 53.Ra5+ Kb6 
54.Rd5 Nxe2 55.Be3+ Ka6 56.fxe4 fxe4 57.Bf2 Nf4 58.Rd6+ Kb5 59.Kg1 Rh5 60.
Rb6+ Ka5 61.Rc6 Nh3+ 62.Kg2 Nxf2 63.Kxf2 Kb4 64.Ke3 Rc5 65.Rb6+ Ka5 66.Rb1
c3 67.Kd4 Rc7 68.Rc1 c2 69.Kxe4 h5 70.Kd3 h4 71.Kd2 Ka4 72.Rh1 c1=Q+ 0-1

[Event "19th Reykjavik op"]
[Site "Reykjavik ISL"]
[Date "2000.04.12"]
[Round "8.26"]
[White "Soupizon, Remi"]
[Black "Halldorsson, Bragi"]
[Result "0-1"]
[WhiteElo "2066"]
[BlackElo "2242"]
[EventDate "2000.04.05"]
[PlyCount "72"]

1.e4 c6 2.d4 d5 3.Nc3 dxe4 4.Bc4 Nf6 5.f3 exf3 6.Nxf3 Nbd7 7.O-O Nb6 8.Bb3
Nbd5 9.Ne5 e6 10.Ne2 Bd6 11.c4 Ne7 12.Qe1 Ng6 13.Nf4 Bxe5 14.dxe5 Qd4+ 15.
Be3 Qxe5 16.Nd3 Qc7 17.Bd4 Ng4 18.g3 O-O 19.h3 Nh6 20.Ne5 f6 21.Nxg6 hxg6 
22.c5 Nf7 23.Bxf6 gxf6 24.Rxf6 Ne5 25.Qf2 Qg7 26.Rf4 Nd3 27.Rxf8+ Qxf8 28.
Qe2 Qxc5+ 29.Kg2 Ne5 30.Re1 Nf7 31.Rd1 b6 32.Qe4 Qf5 33.Qxc6 Rb8 34.Qc7 
Bb7+ 35.Kg1 Qe5 36.Rc1 Rc8 0-1

[Event "19th Reykjavik op"]
[Site "Reykjavik ISL"]
[Date "2000.04.12"]
[Round "8.28"]
[White "Hardarson, Robert"]
[Black "Schmied, Andreas"]
[Result "1-0"]
[WhiteElo "2356"]
[BlackElo "2158"]
[EventDate "2000.04.05"]
[PlyCount "51"]

1.e4 c5 2.Nf3 d6 3.d4 cxd4 4.Nxd4 Nf6 5.Nc3 g6 6.Be2 Bg7 7.O-O O-O 8.Nb3 
Nc6 9.Be3 b6 10.f4 Bb7 11.Bf3 Nd7 12.Qe1 Na5 13.Rd1 Nc4 14.Bc1 b5 15.Kh1 
Qc8 16.Nd4 a6 17.Nd5 Re8 18.b3 Ncb6 19.Nxb6 Nxb6 20.e5 Bxf3 21.Rxf3 Qb7 
22.e6 f5 23.Nxf5 gxf5 24.Rg3 Nd5 25.Rxd5 Qxd5 26.Bb2 1-0

[Event "19th Reykjavik op"]
[Site "Reykjavik ISL"]
[Date "2000.04.12"]
[Round "8.29"]
[White "Bjornsson, Sigurbjorn"]
[Black "Schmitz, Andreas"]
[Result "1-0"]
[WhiteElo "2282"]
[BlackElo "2159"]
[EventDate "2000.04.05"]
[PlyCount "47"]

1.e4 e6 2.d4 d5 3.Nc3 Bb4 4.e5 c5 5.a3 Bxc3+ 6.bxc3 Qc7 7.Nf3 Bd7 8.a4 Nc6
9.Bb5 Nge7 10.O-O h5 11.Ba3 c4 12.Qd2 O-O-O 13.Ng5 Rdf8 14.Rfb1 a6 15.Bd6 
Qd8 16.Rb2 Qe8 17.Bxa6 bxa6 18.Rab1 Kd8 19.Rb7 Nc8 20.Bc7+ Ke7 21.Qc1 Nxe5
22.dxe5 Bc6 23.Qa3+ Kd7 24.Ba5+ 1-0

[Event "19th Reykjavik op"]
[Site "Reykjavik ISL"]
[Date "2000.04.12"]
[Round "8.31"]
[White "De Blecourt, Sandra"]
[Black "Bjarnason, Oskar"]
[Result "0-1"]
[WhiteElo "2027"]
[BlackElo "2218"]
[EventDate "2000.04.05"]
[PlyCount "82"]

1.d4 d5 2.c4 c6 3.Nc3 dxc4 4.a4 e5 5.Nf3 exd4 6.Qxd4 Qxd4 7.Nxd4 Bc5 8.Nc2
Nf6 9.f3 Be6 10.e4 Na6 11.Be3 O-O-O 12.Rc1 Rd7 13.b3 Bxe3 14.Nxe3 cxb3 15.
Bxa6 bxa6 16.e5 Ng8 17.Ne4 Ne7 18.O-O Kc7 19.Nc5 Rd2 20.Nxa6+ Kb6 21.Nc5 
b2 22.Rc3 Ba2 23.Nb3 Re2 24.Nc4+ Kc7 25.Nd4 Bxc4 26.Rxc4 Rxe5 27.Rb4 Rd8 
28.f4 Red5 29.Nf3 Ra5 30.Rb1 Nd5 31.R4xb2 Nb6 32.Ne5 f6 33.Nc4 Nxc4 34.
Rb7+ Kd6 35.Rd1+ Rd5 36.Rc1 Nb6 37.Rxa7 Rd7 38.Ra6 Kc7 39.a5 Rd1+ 40.Rxd1 
Rxd1+ 41.Kf2 Nc8 0-1

[Event "19th Reykjavik op"]
[Site "Reykjavik ISL"]
[Date "2000.04.12"]
[Round "8.32"]
[White "Thorsteinsson, Erlingur"]
[Black "Bergsson, Stefan"]
[Result "1-0"]
[WhiteElo "2160"]
[BlackElo "2021"]
[EventDate "2000.04.05"]
[PlyCount "71"]

1.Nf3 c5 2.g3 Nf6 3.Bg2 Nc6 4.O-O d5 5.d4 Bg4 6.dxc5 e5 7.c4 d4 8.Qa4 Bxf3
9.exf3 Bxc5 10.a3 O-O 11.b4 Bd6 12.Nd2 Qd7 13.Qb3 Rad8 14.Ne4 Nxe4 15.fxe4
Bc7 16.Qd3 Ne7 17.c5 Kh8 18.b5 Ba5 19.a4 Bc3 20.Rb1 Qc7 21.Ba3 g6 22.Rfc1 
f5 23.b6 axb6 24.cxb6 Qd7 25.Rxc3 dxc3 26.Qxc3 Qd4 27.Qxd4 Rxd4 28.Bxe7 
Rf7 29.Bb4 fxe4 30.a5 Rfd7 31.Kf1 R7d5 32.Bc3 Rc4 33.Rb3 Rdc5 34.a6 Rc8 
35.axb7 Rb8 36.Bxe5+ 1-0

[Event "19th Reykjavik op"]
[Site "Reykjavik ISL"]
[Date "2000.04.12"]
[Round "8.33"]
[White "Jackson, Adrian"]
[Black "Arngrimsson, Dagur"]
[Result "1-0"]
[WhiteElo "2207"]
[BlackElo "2081"]
[EventDate "2000.04.05"]
[PlyCount "111"]

1.d4 d5 2.Bg5 Nf6 3.Nd2 e6 4.e4 dxe4 5.Nxe4 Nbd7 6.Nxf6+ Nxf6 7.Nf3 Be7 8.
Bd3 O-O 9.O-O b6 10.Qe2 Bb7 11.Rad1 h6 12.Bc1 Qd5 13.c4 Qh5 14.d5 Bd6 15.
h3 exd5 16.Nd4 Qxe2 17.Bxe2 Rfe8 18.Bf3 Be5 19.cxd5 Bxd5 20.Bxd5 Nxd5 21.
Nc6 Nf6 22.b4 Bd6 23.Rfe1 Nd5 24.Bd2 Bf4 25.Rxe8+ Rxe8 26.Bxf4 Nxf4 27.
Nxa7 Ne2+ 28.Kf1 Nc3 29.Rd7 Nxa2 30.b5 Nc3 31.Rxc7 Ne4 32.Rc6 Nd2+ 33.Kg1 
Re1+ 34.Kh2 Nf1+ 35.Kg1 Ra1 36.Nc8 f5 37.f4 Ng3+ 38.Kf2 Ne4+ 39.Ke3 Rb1 
40.Ne7+ Kh7 41.Nxf5 Nf6 42.Nd4 Rb4 43.Rd6 Rc4 44.Kd3 Ra4 45.f5 Ra3+ 46.Kc4
Rg3 47.Rxb6 Rxg2 48.Rb8 Rb2 49.Rb7 Ne4 50.Kd5 Nc3+ 51.Ke5 Rb1 52.b6 Na4 
53.f6 Nxb6 54.f7 Rd1 55.Ne6 Re1+ 56.Kd4 1-0

[Event "19th Reykjavik op"]
[Site "Reykjavik ISL"]
[Date "2000.04.12"]
[Round "8.34"]
[White "Palsson, Halldor"]
[Black "Hannesson, Olafur Isberg"]
[Result "1/2-1/2"]
[WhiteElo "2182"]
[BlackElo "2161"]
[EventDate "2000.04.05"]
[PlyCount "117"]

1.d4 Nf6 2.g3 d5 3.Bg2 Bf5 4.Nd2 c6 5.Ngf3 e6 6.c4 h6 7.O-O Bd6 8.b3 O-O 
9.Bb2 a5 10.Ne5 a4 11.c5 Bxe5 12.dxe5 Nfd7 13.b4 Qc7 14.e4 Bh7 15.f4 b6 
16.Kh1 bxc5 17.bxc5 Nxc5 18.Ba3 Nbd7 19.Qc2 Ra5 20.Qc3 Rb5 21.Rac1 Rc8 22.
f5 Nb7 23.exd5 exd5 24.Rce1 Nb6 25.f6 Nd8 26.Bh3 Nd7 27.e6 Nxf6 28.Rxf6 
gxf6 29.e7 Ne6 30.Rxe6 fxe6 31.Qxf6 Bf5 32.Bxf5 exf5 33.Qf8+ Kh7 34.Qxf5+ 
Kg7 35.Qf8+ Rxf8 36.exf8=Q+ Kh7 37.Bd6 Qg7 38.Qf5+ Qg6 39.Qd7+ Kg8 40.Qxc6
Rb1+ 41.Kg2 Rb2 42.Qxd5+ Qf7 43.Qa8+ Kh7 44.Qe4+ Kg8 45.Qa8+ Kh7 46.Qe4+ 
Kg8 47.Bf4 Rxa2 48.Bxh6 a3 49.Kh3 Qh5+ 50.Kg2 Qf7 51.g4 Rb2 52.Qa8+ Kh7 
53.Qxa3 Qb7+ 54.Qf3 Qxf3+ 55.Kxf3 Kxh6 56.Nf1 Kg5 57.Kg3 Rb3+ 58.Kf2 Kxg4 
59.Ne3+ 1/2-1/2

[Event "19th Reykjavik op"]
[Site "Reykjavik ISL"]
[Date "2000.04.12"]
[Round "8.35"]
[White "Ragnarsson, Johann"]
[Black "Valgardsson, Gudjon Heidar"]
[Result "1-0"]
[WhiteElo "2129"]
[BlackElo "2114"]
[EventDate "2000.04.05"]
[PlyCount "87"]

1.d4 Nf6 2.c4 g6 3.Nc3 Bg7 4.Nf3 O-O 5.Bf4 d6 6.h3 Nbd7 7.e3 c6 8.Be2 h6 
9.Rc1 Nh7 10.b4 e5 11.Bh2 Qe7 12.O-O f5 13.Qb3 e4 14.Bxd6 Qe6 15.Nd2 Re8 
16.c5 Qxb3 17.Nxb3 Ndf6 18.Bc4+ Be6 19.Bxe6+ Rxe6 20.Na5 Ne8 21.Nxb7 Nxd6 
22.Nxd6 Nf6 23.b5 cxb5 24.Ncxb5 Nd5 25.c6 Rb8 26.Rc5 Nc7 27.Nxc7 Rxd6 28.
Nb5 Rxb5 29.Rxb5 Rxc6 30.Rb7 Ra6 31.Rc1 Bf8 32.Rc8 g5 33.Ra8 f4 34.Rbb8 
Rf6 35.Rxa7 f3 36.Raa8 h5 37.Rxf8+ Rxf8 38.Rxf8+ Kxf8 39.gxf3 exf3 40.Kh2 
h4 41.a4 Ke7 42.a5 Kd6 43.a6 Kc6 44.d5+ 1-0

[Event "19th Reykjavik op"]
[Site "Reykjavik ISL"]
[Date "2000.04.12"]
[Round "8.36"]
[White "Halldorsson, Halldor"]
[Black "Schmitz, Manuela"]
[Result "1/2-1/2"]
[WhiteElo "2109"]
[BlackElo "2134"]
[EventDate "2000.04.05"]
[PlyCount "58"]

1.e4 e6 2.d4 d5 3.Nc3 Bb4 4.Bd2 dxe4 5.Qg4 Nf6 6.Qxg7 Rg8 7.Qh6 Qxd4 8.
Nge2 Qe5 9.Bf4 Qf5 10.Bxc7 Qxf2+ 11.Kxf2 Ng4+ 12.Ke1 Nxh6 13.a3 Bxc3+ 14.
Nxc3 f5 15.Nb5 Na6 16.Rd1 Nf7 17.Bg3 Bd7 18.Nd6+ Nxd6 19.Bxa6 bxa6 20.Rxd6
Rc8 21.c3 Rc6 22.Rxc6 Bxc6 23.Kf2 Rg4 24.Ke3 h5 25.Rg1 h4 26.Be5 Bb5 27.b3
Bd3 28.c4 Kd7 29.g3 h3 1/2-1/2

[Event "19th Reykjavik op"]
[Site "Reykjavik ISL"]
[Date "2000.04.12"]
[Round "8.37"]
[White "Kjartansson, Olafur"]
[Black "Johannesson, Ingvar Thor"]
[Result "0-1"]
[WhiteElo "2091"]
[BlackElo "2194"]
[EventDate "2000.04.05"]
[PlyCount "96"]

1.d4 d6 2.c4 f5 3.Nc3 Nf6 4.g3 g6 5.Bg2 Bg7 6.e4 fxe4 7.Nxe4 Nxe4 8.Bxe4 
c6 9.Ne2 Nd7 10.h4 Nf6 11.Bg2 Bf5 12.O-O O-O 13.Qb3 Qb6 14.Re1 Ng4 15.Qxb6
axb6 16.f3 Nh6 17.Bd2 Bd3 18.Bc3 Bxc4 19.Nf4 Nf5 20.Ne6 Bxe6 21.Rxe6 Bxd4+
22.Bxd4 Nxd4 23.Rxe7 Rf7 24.Rxf7 Kxf7 25.a3 d5 26.Kf2 Re8 27.Bf1 Nb3 28.
Rd1 Nc5 29.g4 Re5 30.Bg2 Re7 31.g5 Rd7 32.Bh3 Rd6 33.Ke3 Ke7 34.f4 Ne4 35.
f5 Kf7 36.f6 Rd8 37.Rd4 h6 38.Kf4 hxg5+ 39.hxg5 Rh8 40.Bg4 Rh2 41.Bf3 Nc5 
42.Ke5 Ne6 43.Rb4 b5 44.a4 Nc5 45.Kd6 Nxa4 46.Kc7 Nxb2 47.Kxb7 Nc4 48.Bg4 
Rh4 0-1

[Event "19th Reykjavik op"]
[Site "Reykjavik ISL"]
[Date "2000.04.13"]
[Round "9.7"]
[White "Johannessen, Leif Erlend"]
[Black "Agrest, Evgenij"]
[Result "1/2-1/2"]
[WhiteElo "2431"]
[BlackElo "2603"]
[EventDate "2000.04.05"]
[PlyCount "94"]

1.d4 d6 2.Nf3 Bg4 3.c4 Nd7 4.Nc3 e5 5.g3 c6 6.Bg2 Ngf6 7.O-O Be7 8.d5 cxd5
9.cxd5 O-O 10.Ne1 Nc5 11.Nd3 Nxd3 12.Qxd3 Qd7 13.e4 Bh3 14.f3 Bxg2 15.Kxg2
Rfc8 16.Be3 Bd8 17.Rfc1 Ne8 18.Rc2 h6 19.h4 Qc7 20.Qb5 Kf8 21.Rac1 Ke7 22.
a4 Qd7 23.Qb4 Rc7 24.a5 Kf8 25.Qa3 Rc4 26.b3 Rcc8 27.Qb4 Qc7 28.Ra2 Qd7 
29.Rac2 Qc7 30.Ra2 Qd7 31.a6 bxa6 32.Rxa6 Rab8 33.Qa3 Bb6 34.Bxb6 axb6 35.
Ra7 Rb7 36.Rxb7 Qxb7 37.Nb5 Rc5 38.Rxc5 bxc5 39.Qa5 f5 40.b4 fxe4 41.fxe4 
cxb4 42.Qxb4 Qb6 43.Kf3 Kg8 44.Qc4 Qg1 45.Qc6 Qf1+ 46.Ke3 Qe1+ 47.Kf3 Qf1+
1/2-1/2

[Event "19th Reykjavik op"]
[Site "Reykjavik ISL"]
[Date "2000.04.13"]
[Round "9.8"]
[White "Conquest, Stuart"]
[Black "Bricard, Emmanuel"]
[Result "1-0"]
[WhiteElo "2563"]
[BlackElo "2461"]
[EventDate "2000.04.05"]
[PlyCount "79"]

1.e4 e6 2.d4 d5 3.Nd2 h6 4.c3 c5 5.exd5 exd5 6.Ngf3 Nc6 7.Bb5 cxd4 8.O-O 
Bd7 9.Nb3 Nf6 10.Re1+ Be7 11.Bxc6 bxc6 12.Qxd4 O-O 13.Bf4 Re8 14.h3 Qb6 
15.Ne5 Rad8 16.Rad1 c5 17.Nxd7 Rxd7 18.Qd2 Bf8 19.Rxe8 Nxe8 20.Qc2 Qe6 21.
Be3 Rc7 22.Qe2 Nf6 23.Re1 Bd6 24.Bc1 Qf5 25.Qa6 Qd7 26.Be3 Rc6 27.Qa4 Bf8 
28.Rd1 Qc8 29.Qb5 Rb6 30.Qe2 Qc6 31.Nc1 Rb8 32.Nd3 Re8 33.Qc2 Re4 34.Nf4 
Ra4 35.a3 Ra6 36.Qd3 Qb7 37.Rd2 Bd6 38.Nxd5 Be5 39.Nxf6+ Bxf6 40.Qd7 1-0

[Event "19th Reykjavik op"]
[Site "Reykjavik ISL"]
[Date "2000.04.13"]
[Round "9.10"]
[White "Oral, Tomas"]
[Black "Drei, Andrea"]
[Result "1/2-1/2"]
[WhiteElo "2545"]
[BlackElo "2351"]
[EventDate "2000.04.05"]
[PlyCount "159"]

1.e4 c5 2.Nf3 d6 3.d4 cxd4 4.Nxd4 Nf6 5.Nc3 Nc6 6.Bc4 Qb6 7.Nb3 e6 8.O-O 
a6 9.Bd3 Qc7 10.f4 Be7 11.Qf3 O-O 12.Kh1 Bd7 13.Bd2 b5 14.Rae1 Rac8 15.Nd5
exd5 16.exd5 Rfe8 17.dxc6 Bxc6 18.Qh3 Bf8 19.Ba5 Qb7 20.Bc3 Bd7 21.Qh4 Ne4
22.Re3 d5 23.Bxe4 Rxe4 24.Rg3 Bf5 25.Qg5 Bg6 26.f5 f6 27.Qd2 b4 28.fxg6 
bxc3 29.gxh7+ Kh8 30.Rxc3 Rce8 31.Rcf3 Re2 32.Qd3 Qb5 33.Nd4 Qxd3 34.Rxd3 
Re1 35.Kg1 Bc5 36.Rd1 Rxd1 37.Rxd1 Re4 38.c3 Re2 39.b4 Ba7 40.a4 Rc2 41.
Kf1 Rxc3 42.Ne6 Rc2 43.Rxd5 Rf2+ 44.Ke1 Rxg2 45.Ra5 Be3 46.Rxa6 f5 47.h4 
Kxh7 48.Ng5+ Bxg5 49.hxg5 Rxg5 50.Kf2 Rg4 51.Rb6 Rf4+ 52.Kg3 g5 53.a5 Rf1 
54.Rb5 Rc1 55.Rxf5 Kg6 56.Rf8 Rb1 57.Rb8 Kh5 58.Rh8+ Kg6 59.Rb8 Kh5 60.Kf3
Ra1 61.Ke4 g4 62.Rh8+ Kg5 63.Rg8+ Kh4 64.Kd5 g3 65.Rg6 Kh3 66.a6 g2 67.b5 
Ra3 68.Rh6+ Kg3 69.Rf6 Ra4 70.Rg6+ Rg4 71.Rxg4+ Kxg4 72.a7 g1=Q 73.a8=Q 
Qg3 74.Kc5 Qe3+ 75.Kc4 Qe2+ 76.Kb4 Qd2+ 77.Kc5 Qe3+ 78.Kd6 Qg3+ 79.Ke6 
Qe3+ 80.Kd6 1/2-1/2